000 004600000a22001810004500
003 MACL
005 20151010112516.0
008 151010b xxu||||| |||| 00| 0 eng d
040 _aMACL
_cMACL
041 _aEnglish
082 _a920
100 _aSahitya Akademi
_98336
245 _aRabindranath Tagore
_bA Centenary Volume 1861-1961
260 _bSahitya Akademi
_c1986
_aFaridabad
350 _a200
650 _aBiography
_914244
942 _cBK
_k920
_2ddc
999 _c5768
_d5768